[Event "Corus-C"]
[Site "Wijk aan Zee"]
[Date "2006.01.15"]
[Round "2"]
[White "Afek, Yochanan"]
[Black "Adly, Ahmed"]
[Result "1/2-1/2"]
[WhiteElo "2370"]
[BlackElo "2473"]
[Annotator "Mueller,Karsten"]
[PlyCount "100"]
[EventDate "2006.01.14"]
[EventType "tourn"]
[EventRounds "13"]
[EventCountry "NED"]
[EventCategory "9"]
[SourceTitle "CBM 111"]
[Source "ChessBase"]
[SourceDate "2006.04.04"]
[SourceVersion "1"]
[SourceVersionDate "2006.04.04"]
[SourceQuality "1"]

1. e4 c5 2. c3 Nf6 3. e5 Nd5 4. Nf3 Nc6 5. d4 cxd4 6. cxd4 d6 7. Bc4 Nb6 8. Bb5
Bd7 9. Nc3 e6 10. O-O Nb4 11. Bg5 Be7 12. Ne4 dxe5 13. Nd6+ Kf8 14. Bxe7+ Qxe7
15. dxe5 Bxb5 16. Nxb5 Rd8 17. Qe2 a6 18. Nd6 Nc6 19. Rfd1 Nd5 20. Ne4 g6 21.
g3 Kg7 22. Rac1 Rd7 23. Nf6 Nxf6 24. exf6+ Kxf6 25. Rxd7 Qxd7 26. Rxc6 Qxc6 27.
Qe5+ Ke7 28. Qxh8 Qxf3 29. Qxh7 Qd1+ 30. Kg2 Qd5+ 31. Kh3 Qxa2 32. Qh4+ Ke8 33.
Qh8+ Kd7 34. Qf6 e5 35. Qxe5 Qe6+ 36. Qxe6+ Kxe6 37. Kg4 a5 38. Kf4 a4 39. Ke4
{Schwarz hat zwar die entfernte Majorität am Damenflügel, aber der aktivere
weiße König kompensiert das:} b5 40. Kd4 b4 41. h4 a3 42. bxa3 bxa3 43. Kc3 f5
44. f3 Ke5 45. Kb3 Kd4 (45... f4 $6 46. g4 Kd4 47. g5 Kd5 48. Kxa3 Ke5 $1 $11 {
[%csl Ga3,Ga5,Ge3,Ge5] virtuelle Opposition (Definition von Opposition: wenn
alle Ecken des Rechtecks um die Könige gleichfarbig sind)}) 46. Kxa3 Ke3 47. g4
fxg4 (47... Kxf3 48. gxf5 gxf5 49. h5 $11) 48. fxg4 Kf4 49. h5 gxh5 50. gxh5
Kg5 1/2-1/2

[Event "Czerniak Memorial 14th"]
[Site "Tel Aviv"]
[Date "1998.04.09"]
[Round "1"]
[White "Manor, Ilan"]
[Black "Kundin, Alexander"]
[Result "1/2-1/2"]
[WhiteElo "2530"]
[BlackElo "2425"]
[Annotator "Mueller,Karsten"]
[PlyCount "83"]
[EventDate "1998.04.09"]
[EventType "tourn"]
[EventRounds "9"]
[EventCountry "ISR"]
[EventCategory "9"]
[SourceTitle "CBM 065"]
[Source "ChessBase"]
[SourceDate "1998.08.06"]
[SourceVersion "1"]
[SourceVersionDate "1998.08.06"]
[SourceQuality "1"]

1. c4 {Kundin} c6 2. e4 d5 3. exd5 cxd5 4. d4 Nf6 5. Nc3 e6 6. Nf3 Bb4 7. cxd5
Nxd5 8. Bd2 Nc6 9. Bd3 O-O 10. O-O Be7 11. Rc1 {'!?' Kundin.} Nf6 {'?!' Kundin.
Kundin: The knight should stay in the centre.} (11... Ndb4 {(Kundin) I was
afraid to take such a dangerous pawn.However,this central pawn is so important
that black can suffer a little.} 12. Bb1 Nxd4 13. Nxd4 Qxd4 14. Nb5 Qd8 $8 (
14... Qxb2 $4 15. Bc3 $18) 15. Nc7 Rb8 {/\ Nc6,Nd5} 16. Bf4 Bd7 $1 {And white
has not more than compensation for the pawn.} (16... Qxd1 17. Rfxd1 $44)) (
11... Bf6 {Kundin} 12. Ne4 (12. Nxd5 exd5 $11) (12. Be3 Nce7 (12... Bd7 $2 13.
Nxd5 exd5 14. Qb3 $16) (12... b6 $2 13. Nxd5 Qxd5 14. Qc2) (12... Nxe3 13. fxe3
$14) 13. Ne4 (13. Qc2 Nf5 14. Nxd5 Qxd5 15. Be4 $14) 13... Nf5 $13) 12... Nxd4
(12... Bxd4 $2 13. Rxc6 $18) 13. Nxf6+ (13. Nxd4 Bxd4 14. Rc4 e5 $1 $13 (14...
Nf6 $2 15. Rxd4 $1 (15. Nxf6+ Qxf6 $13) 15... Qxd4 16. Bc3 $18)) 13... Qxf6 (
13... Nxf6 14. Bb4 (14. Nxd4 Qxd4 15. Bc3 $44) 14... Nxf3+ (14... Re8 15. Nxd4
Qxd4 16. Rc4 $40) 15. Qxf3 $36) 14. Nxd4 Qxd4 15. Be3 (15. Bc3 $2 Nxc3 16.
Bxh7+ Kxh7 17. Qxd4 Ne2+ 18. Kh1 Nxd4 $19) 15... Qe5 (15... Qxb2 $2 16. Bd4 $18
) (15... Qf6 16. Bd4 Qg5 {See main line} (16... e5 17. Qh5 g6 18. Qxe5 Qxe5 19.
Bxe5 $14) (16... Qd8 17. Qh5 (17. Bxh7+ $2 Kxh7 18. Qh5+ Kg8 19. Bxg7 $1 Kxg7
20. Qg4+ (20. Rc4 Rg8 $19) 20... Kf6 21. Qh4+ Kg6 22. Qg4+ Qg5 $19) 17... Nf6
18. Qh4 $44 (18. Bxf6 Qxd3 $11))) 16. Bd4 Qg5 {The queen must defend black's
kingside in order to prevent the two bishops sacrifice on h7 and g7.} 17. h4 $5
Qh6 $44 (17... Qxh4 18. Rc4 $44) (17... Qd8 18. h5 h6 19. Bb1 $44 {/\ Qd3}))
12. Bg5 {'!' Kundin. Kundin: Now white has an advantage.} b6 {'?' Kundin.
Kundin: Weakens the white squares in black's position.} (12... Nb4 13. Bb1 Bd7
(13... b6 14. Bxf6 Bxf6 15. Be4 Nd5 16. Nxd5 {1/2-1/2 Huebner,R-Seirawan,Y/
Wijk 1986/TD 86\01}) 14. a3 Nbd5 15. Qd3 g6 16. Bh6 Re8 17. Ne5 $36 {1-0
Garcia,G-Polyakin,V/New York op 1994/EXP 40 (37)}) (12... h6 13. Be3 Nb4 14.
Bb1 b6 15. Ne5 Bb7 16. Qd2 Re8 17. f3 Rc8 18. Ne4 Rxc1 19. Qxc1 Nbd5 $11 {
1/2-1/2 Podgaets,M-Vaisser,A/URS-FL Sverdlovsk 1984/MCL 06 (29)}) (12... Bd7
13. Bb1 (13. a3 $1 {Kundin} Rc8 14. Qe2 Nd5 15. Bxe7 (15. Nxd5 Bxg5 $11) (15.
Ne4 Bxg5 16. Nexg5 h6 $11) (15. h4 $5 Bxg5 (15... h6 16. Bd2 $13) 16. hxg5 (16.
Nxg5 h6 $11) 16... Nf4 17. Qe3 Nxd3 18. Qxd3 $14) (15. Qe4 f5 $1 (15... g6 16.
Bh6 Re8 17. h4 (17. Nxd5 exd5 18. Qxd5 Bg4 $11) 17... Nxc3 18. Rxc3 (18. bxc3
Bxa3 $13 {/\ Bf8}) 18... Bf6 {/\ e5} 19. Bg5 Kg7 $13) 16. Qh4 (16. Bxe7 fxe4
17. Bxd8 exd3 $15) 16... Bxg5 17. Nxg5 h6 $17) (15. Bd2 Bf6 (15... Nxc3 16.
Bxc3 $1 (16. bxc3 Bxa3 17. Bxh7+ (17. Ra1 Be7) 17... Kxh7 18. Ng5+ Kg6 $8 19.
Qg4 f5 $8 20. Qg3 Kf6 21. Qh4 (21. Ne4+ Kf7 22. Ng5+ Kg8) 21... Rh8 22. Ne4+ (
22. Nh7+ Kg6 $1 $19) 22... Kf7 23. Ng5+ Kg8 $19) 16... Bf6 17. Ne5 (17. Rfd1
Qe7 $11) 17... Bxe5 (17... Qe7 18. Nxc6 $16) 18. dxe5 $14) 16. Ne4 (16. Qe4 g6
17. Nxd5 (17. Bh6 Re8 {/\ Nxc3 bc e5} 18. Rfd1 Nce7 $11 {/\ Bc6}) 17... exd5
18. Qxd5 Bg4 $11) 16... Nxd4 17. Nxf6+ (17. Nxd4 Bxd4 18. Nd6 Rxc1 19. Rxc1 Qf6
$11) 17... Qxf6 18. Nxd4 Qxd4 $15) 15... Ncxe7 $11) (13. Qb3 Na5) (13. Ne5 Rc8
(13... Nxd4 14. Bxh7+ Nxh7 15. Bxe7 Qxe7 16. Qxd4 Rfd8 $11) 14. Bxf6 Bxf6 15.
Nxd7 Qxd7 16. d5 Nd4 (16... exd5 17. Nxd5 $14) 17. Ne4 Qxd5 18. Nxf6+ gxf6 19.
Qg4+ Kh8 20. Rxc8 (20. Qh4 Nf3+ 21. gxf3 Rg8+) 20... Rxc8 21. Qh4 Nf3+ $19) (
13. Qe2 Nb4 14. Bb1 (14. Bxf6 Bxf6 15. Be4 Bc6 $11) 14... Nbd5 15. Rfd1 Rc8 $13
) (13. Bxf6 Bxf6 14. d5 exd5 15. Nxd5 Be6 $11) 13... Nd5 14. Qd3 g6 15. Bh6 Re8
16. Ne4 $11 {/+/= Mueller,K-Lobron,E/Hamburg SKA 1991/CBM 24/[Blatny,P]/0-1 
(47)}) 13. Ne5 {'!?' Kundin.} (13. Bxf6 Bxf6 14. Ne4 $1 (14. Be4 Bb7 (14... Bd7
15. d5 exd5 16. Nxd5 Bxb2 (16... Be8 17. Qc2 g6 18. Rfd1) 17. Rc2 Ba3 18. Qd3
$18) 15. Qa4 (15. d5 exd5 16. Nxd5 {/\ N><f6 Q><f6 Qd7; /\ Qc2} Rc8 $8 17. b4
$1 (17. Nxf6+ Qxf6 18. Qd7 Ba8 $11) 17... g6 18. Qb3 Bg7 19. Rfd1 $16) 15...
Rc8 16. Rfd1 $11 {Appolonov,S-Skrobek,R/Wisla BES 1992/TD 92\04/0-1 (51)}) (14.
d5 {Kundin} exd5 (14... Ne5 15. Nxe5 Bxe5 16. Bxh7+) (14... Ne7 15. d6) 15.
Nxd5 $16) 14... Bb7 15. Nxf6+ Qxf6 16. Be4 Rac8 17. Rc3 $36 {1-0 Djuric,
S-Tarjan,J/Vrsac 1983/MCD-r8 (30)}) 13... Nxd4 {Kundin: Black has to accept
the sacrifice if he wants to have counter chances.} (13... Bb7 {Kundin} 14. Ba6
$1 $16) (13... Bd7 {Kundin} 14. Bb1 $14) (13... Nxe5 {Kundin} 14. dxe5 Nd5 (
14... Nd7 15. Bxe7 Qxe7 16. Be4 Rb8 17. Qd6 $14) 15. Bxe7 Nxe7 (15... Qxe7 16.
Nxd5 exd5 17. f4 $14) 16. Be4 Rb8 (16... Qxd1 17. Rfxd1 Rb8 18. f4 $16) 17. Qc2
g6 18. Rfd1 Qc7 19. Nd5 $16) 14. Be3 (14. Ne4 {Kundin} Bb7 15. Bxf6 Bxf6 16.
Nxf6+ Qxf6 17. Bxh7+ Kxh7 18. Qxd4 Rfd8 $11) 14... Nf5 {'[]' Kundin.} 15. Bxf5
(15. Nc6 $5 {Kundin} Nxe3 16. fxe3 $44) (15. Qf3 {Kundin} Nxe3 16. fxe3 Bd7)
15... exf5 (15... Qxd1 {(Kundin) Not the best move.} 16. Rfxd1 exf5 17. Nc6 (
17. Nb5 $1 Be6 18. Nc6 $16) 17... Re8 $1 (17... Bc5 18. Bxc5 bxc5 19. Na4 $16)
18. Nb5 Bb7 (18... Bd7 19. Nbxa7 Bxc6 20. Nxc6 Rxa2 21. b4 $1 $16) 19. Nbxa7
$16 (19. Nc7 Bxc6 20. Rxc6 Rac8) (19. Ncxa7 Nd5)) 16. Nc6 (16. Qf3 $1 {Kundin}
Be6 17. Rfd1 (17. Nc6 Qe8 18. Nb5 Bd5 $11) (17. Nb5 Qd5 $11) 17... Qe8 18. Nc6
{/\ Bf4,Nb5} Bd7 19. Nb5 Bxc6 20. Rxc6 $16) (16. Nb5 {Kundin} Bb7 (16... Nd5 $2
17. Nc6 Nxe3 18. fxe3 $18) (16... Be6 $2 17. Nc6 Qe8 18. Nc7 $18) (16... Bd7
17. Nxd7 $16 {/\ Rc7}) 17. Nc6 Bxc6 18. Rxc6 $14) 16... Qc7 (16... Qxd1 $4 17.
Nxe7+ $18) 17. Nb5 {'©' Kundin.} Qb7 18. Nd6 (18. b4 {Kundin} Be6 19. Nbd4 Nd5
20. b5 $13) (18. Nbd4 {Kundin} Nd5 (18... Be6 19. Qf3 $14) 19. Qf3 Nxe3 20.
Nxe7+ Qxe7 21. Qxa8 Bb7 $1 (21... Nxf1 22. Rxc8 Nd2 23. Rxf8+ Qxf8 24. Qxa7 $16
) 22. Qxa7 Qe4 23. Nf3 Nxg2 $19) (18. Qf3 {Kundin} Be6 $13) (18. Bf4 $5 {Kundin
} Bc5 $8 19. Qf3 Ne4 $1 $15 (19... Be6 20. Nd6 (20. Nc7 Rac8 21. b4 $16) 20...
Bxd6 21. Bxd6 Bd5 22. Ne7+ $16)) 18... Bxd6 (18... Qc7 $6 19. Bf4 Be6 20. Be5
$36) 19. Qxd6 Be6 (19... Re8 $5) (19... Re8 {(Kundin) Possible.} 20. Rfd1 (20.
Bd4 Ne4) 20... Ne4 $11 {/\ Be6}) 20. Bd4 Qd7 {'[]' Kundin.} 21. Qg3 f4 {
'!' Kundin.} 22. Qg5 {'?!' Kundin. provoziert h6} h6 {Kundin: H6 is good for
black.} 23. Qxf4 Nd5 $1 $11 {'=' Kundin.} 24. Qh4 Rac8 (24... f6 {Kundin} 25.
b4 $1) 25. Ne5 Qe7 (25... Qa4 $1 {(Kundin) Considering my opponent's time
pressure,this was the most reasonable move.} 26. Ng4 f6 27. Rxc8 Rxc8 $15) 26.
Qg3 (26. Qxe7 {Kundin} Nxe7 $15) 26... Rxc1 27. Rxc1 Qg5 28. Qxg5 hxg5 {
'=/+' Kundin.} 29. f3 f6 (29... Nf4 {Kundin} 30. Kf1 $15) 30. Nc6 {'?!' Kundin.
} (30. Nd3 {Kundin} Rd8 $15) 30... Rc8 31. Be3 {'!?' Kundin.} (31. b4 {Kundin}
Bd7 32. b5 Bxc6 $17) 31... Bd7 (31... Nxe3 $4 32. Ne7+ $18) (31... Kf7 {Kundin}
32. Bd2 Nf4 33. Kf1 Bxa2 $17) 32. Nxa7 {'[]' Kundin.} Ra8 {[%tqu "De","Hat
Weiß sich verkalkuliert ?","","","c1d1","Nein !",3]} 33. Rd1 $8 Be6 $8 (33...
Nxe3 34. Rxd7 Nc4 35. b3 Ne5 36. Rc7 $16) 34. Nc6 $1 (34. Rxd5 $6 Bxd5 35. Bxb6
Bxa2 $15 {/-/+}) 34... Nxe3 35. Re1 Rxa2 {'?' Kundin. Kundin: An error in a
time pressure.} (35... Nxg2 $5) (35... Nxg2 $1 {Kundin} 36. Rxe6 (36. Kxg2 Bxa2
$17) 36... Nf4 $17) 36. Rxe3 Bf7 (36... Bd7 {Kundin} 37. Nb8 {/\ Rb3}) 37. b4
Kf8 {'?!' Kundin.} 38. Rd3 Bc4 39. Rd6 {'?!' Kundin.} (39. Rd8+ $1 {Kundin} Kf7
40. Rb8 b5 41. Nd4 Ra1+ $11) 39... Ra1+ {'?!' Kundin.} (39... Rb2 {Kundin} 40.
Nb8 b5 41. Nc6 Kf7 $15 {This endgame is difficult to win,but black can try.})
40. Kf2 Ra2+ 41. Kg1 Ra1+ 42. Kf2 1/2-1/2

[Event "EU-ch 6th"]
[Site "Warsaw"]
[Date "2005.06.23"]
[Round "6"]
[White "Tzermiadianos, Andreas"]
[Black "Neverov, Valeriy"]
[Result "1/2-1/2"]
[WhiteElo "2453"]
[BlackElo "2566"]
[Annotator "Mueller,Karsten"]
[PlyCount "165"]
[EventDate "2005.06.18"]
[EventType "swiss"]
[EventRounds "13"]
[EventCountry "POL"]
[SourceTitle "CBM 108"]
[Source "ChessBase"]
[SourceDate "2005.09.26"]
[SourceVersion "1"]
[SourceVersionDate "2005.09.26"]
[SourceQuality "1"]

{[%mdl 32768]} 1. e4 c5 2. c3 Nf6 3. e5 Nd5 4. Nf3 e6 5. Bc4 d6 6. d4 Nc6 7.
O-O Be7 8. exd6 Qxd6 9. dxc5 Qxc5 10. Bb3 O-O 11. Nbd2 Nf6 12. Qe2 b6 13. Ne4
Nxe4 14. Qxe4 Bb7 15. Qg4 Bf6 16. Be3 Qe7 17. Rfe1 Rfd8 18. Bf4 Na5 19. Bc2 Nc4
20. Ng5 g6 21. b3 Na3 22. Be4 Bg7 23. Bxb7 Qxb7 24. Rac1 h6 25. Nf3 Nb5 26. Be5
Nd6 27. Bxg7 Kxg7 28. Ne5 Nf5 29. Rc2 Rd5 30. h4 h5 31. Qe4 Rb8 32. Nf3 Rbd8
33. c4 R5d7 34. Qxb7 Rxb7 35. c5 Rc7 36. Rec1 b5 37. g3 f6 38. b4 e5 39. Rd2
Rxd2 40. Nxd2 Kf7 41. Ne4 Nd4 42. Kg2 Ke6 43. Rc3 Rc6 44. Ra3 Kd5 45. Nd6 a6
46. f3 Nc2 47. Rd3+ Ke6 48. Rb3 a5 49. Nb7 axb4 50. Nd8+ Kd5 51. Nxc6 Kxc6 52.
Rb1 Ne3+ 53. Kf2 Nd5 54. Rc1 Nc3 55. Rc2 Kxc5 56. Ke3 Kc4 57. Kd2 Kd4 58. Rb2
Nd5 59. Rb3 f5 60. a3 Kc4 61. Kc2 e4 62. fxe4 fxe4 63. axb4 Nxb4+ 64. Kb2 Nd3+
65. Kc2 b4 66. Rb1 e3 67. Kd1 Nf2+ 68. Ke2 Ng4 69. Rc1+ Kd4 70. Rc6 b3 71. Rb6
Kc4 72. Rc6+ Kb5 73. Rc8 Kb4 74. Kd3 Ne5+ 75. Kxe3 b2 76. Rb8+ Kc3 {[%tqu "De",
"Kann Weiß seine Haut noch retten?","","","b8b2","",6,"e3e4","",0]} 77. Rxb2 $1
(77. Ke4 $2 Nd7 78. Rxb2 Kxb2 79. Kf4 Nf8 80. Kg5 (80. g4 hxg4 81. Kxg4 Nh7 $19
) 80... Kc3 81. Kf6 Kd4 82. Kf7 Ke4 83. Kxf8 Kf3 $19) 77... Kxb2 78. Kf4 {
und der Springer kann den Königsflügel alleine nicht halten:} Nf7 (78... Nd7
79. Kg5 Nf8 80. Kf6 Kc3 81. Kf7 $11) 79. g4 hxg4 (79... g5+ 80. hxg5 h4 81. g6
Nh6 82. g5 Ng8 83. Kg4 $11) (79... Kc3 80. gxh5 gxh5 81. Kf5 Kd4 82. Kg6 $11)
80. Kxg4 Kc3 81. h5 g5 82. h6 Kd4 83. h7 1/2-1/2

[Event "POL-ch 62nd"]
[Site "Poznan"]
[Date "2005.04.24"]
[Round "4"]
[White "Bobras, Piotr"]
[Black "Warakomski, Tomasz"]
[Result "1-0"]
[WhiteElo "2501"]
[BlackElo "2384"]
[Annotator "Mueller,Karsten"]
[PlyCount "89"]
[EventDate "2005.04.21"]
[EventType "tourn"]
[EventRounds "13"]
[EventCountry "POL"]
[EventCategory "12"]
[SourceTitle "CBM 107"]
[Source "ChessBase"]
[SourceDate "2005.08.01"]
[SourceVersion "1"]
[SourceVersionDate "2005.08.01"]
[SourceQuality "1"]

1. d4 d5 2. c4 dxc4 3. Nf3 Nf6 4. e3 e6 5. Bxc4 c5 6. O-O a6 7. Bb3 Nc6 8. Qe2
cxd4 9. Rd1 Be7 10. Nc3 O-O 11. Nxd4 Nxd4 12. exd4 Nd5 13. Qf3 Nxc3 14. bxc3
Qc7 15. c4 Bf6 16. Bf4 e5 17. Bg3 Qa5 18. dxe5 Bxe5 19. Rd5 Qxd5 20. cxd5 Bxa1
21. h4 Bd7 22. h5 Rae8 23. h6 gxh6 24. d6 Be5 25. Bxe5 Rxe5 26. Qxb7 Be6 27. d7
Bxb3 28. Qxb3 $18 {Schwarz muss nun passiv die Türme auf der achten Reihe
verdoppeln, wonach er gelähmt ist.} Re1+ (28... Rd8 $2 29. Qg3+ Rg5 30. Qc7 $18
) 29. Kh2 Rd8 30. Qb4 $1 Re5 (30... Rd1 $2 31. Qg4+ $18) 31. Qd6 Rb5 32. Qe7
Rbb8 33. a4 a5 34. f3 Rf8 35. Kh3 Kg7 36. g3 Kg6 37. g4 f6 38. Kh4 h5 (38...
Ra8 39. f4 f5 40. Qd6+ Kg7 41. gxf5 Rxf5 42. Qc7 $18) 39. gxh5+ Kh6 40. f4 Rbd8
41. f5 Rb8 42. Qe3+ Kg7 43. h6+ Kh8 44. Qe7 Rb4+ 45. Kh5 1-0

[Event "EU-ch 6th"]
[Site "Warsaw"]
[Date "2005.06.26"]
[Round "8"]
[White "Tzermiadianos, Andreas"]
[Black "Guliyev, Namig"]
[Result "0-1"]
[WhiteElo "2453"]
[BlackElo "2526"]
[Annotator "Mueller,Karsten"]
[PlyCount "232"]
[EventDate "2005.06.18"]
[EventType "swiss"]
[EventRounds "13"]
[EventCountry "POL"]
[SourceTitle "CBM 108"]
[Source "ChessBase"]
[SourceDate "2005.09.26"]
[SourceVersion "1"]
[SourceVersionDate "2005.09.26"]
[SourceQuality "1"]

1. e4 c5 2. c3 d5 3. exd5 Qxd5 4. d4 Nf6 5. Nf3 Bg4 6. dxc5 Qxc5 7. Be3 Qc8 8.
Na3 Nbd7 9. h3 Be6 10. Be2 g6 11. O-O Bg7 12. Nd4 Bd5 13. c4 Be4 14. Nab5 b6
15. Nc3 Bb7 16. Rc1 O-O 17. Nd5 Qd8 18. Bf3 Rb8 19. Nc6 Bxc6 20. Nxf6+ Bxf6 21.
Bxc6 Nc5 22. b4 Nd3 23. Rb1 Rc8 24. Bb5 a5 25. c5 Nxb4 26. cxb6 Nxa2 27. b7 Rb8
28. Bc6 Qc7 29. Qf3 Nc3 30. Bb6 Qd6 31. Ra1 Ne2+ 32. Kh1 Bxa1 33. Rxa1 Rxb7 34.
Bxb7 Qxb6 35. Qxe2 Qxb7 36. Rxa5 Rc8 37. Ra1 Rc3 38. Kg1 Qc7 39. Qd2 Kg7 40. g3
Qc5 41. Kg2 Rc2 42. Qe1 e5 43. Kg1 e4 44. Ra5 Qc4 45. Qa1+ Qc3 46. Qxc3+ Rxc3
47. Re5 Rc4 48. h4 Kf6 49. Ra5 h5 50. Ra2 Kf5 51. Kg2 Rc5 52. Re2 Ke5 53. Ra2
Rb5 54. Ra7 f6 55. Re7+ Kf5 56. Re8 Rb3 57. Re7 Rd3 58. Re8 Rd7 59. Kg1 Rd5 60.
Kg2 Re5 61. Ra8 Kg4 62. Ra6 Kf5 63. Ra7 Re8 64. Ra5+ Re5 65. Ra7 Rd5 66. Re7
Rd4 67. Re8 g5 68. hxg5 Kxg5 69. Rg8+ Kf5 70. Rh8 Kg6 71. Re8 Rc4 72. Rg8+ Kf7
73. Rh8 Rc5 74. Ra8 Rc2 75. Kg1 Kg6 76. Ra5 f5 77. Re5 Kg5 78. Re8 Rc6 79. Kg2
Rc7 80. Re6 h4 81. gxh4+ Kxh4 82. Rg6 (82. f3 $5 Rc2+ 83. Kf1 Kg3 84. fxe4 f4
85. Rf6 Kf3 86. Kg1 Rc1+ 87. Kh2 Ke3 88. e5 $11 (88. Ra6 $2 f3 89. Ra3+ Kf4 90.
Ra2 Re1 $19)) 82... Rc2 83. Re6 Kg4 84. Re7 Kf4 85. Re8 Rc7 86. Ra8 Rg7+ 87.
Kf1 Kg4 88. Kg2 Rg6 89. Ra4 Kf4+ 90. Kf1 Rd6 91. Ke2 Rb6 92. Ra2 Rb3 93. Ra5
Rb2+ 94. Kf1 Kg4 95. Re5 Rb4 96. Kg2 Kf4 97. Re8 Rb6 98. Rg8 Rd6 99. Rg7 Ke5
100. Rg8 f4 101. Rg5+ Kd4 102. Rg8 Rh6 103. Rd8+ Ke5 104. Re8+ Kf5 105. Rf8+
Rf6 106. Re8 Rg6+ 107. Kf1 Re6 108. Rf8+ (108. Rxe6 $2 Kxe6 109. Kg2 Kf5 110.
Kh3 e3 111. fxe3 fxe3 112. Kg3 Ke4 $19) 108... Kg4 109. Kg2 f3+ 110. Kh2 Re5
111. Rf7 Rf5 112. Re7 (112. Rxf5 $2 Kxf5 113. Kg3 Ke5 114. Kg4 Kd4 115. Kf4 Kd3
$19) 112... Kf4 113. Kg1 Rg5+ 114. Kf1 $2 {Nun tragen die beharrlichen
schwarzen Angriffsbemühungen endlich Früchte.} (114. Kh1 $1 {war vonnöten:} Rg8
115. Ra7 Ke5 116. Ra3 Rb8 117. Kg1 Rb1+ 118. Kh2 Rf1 119. Ra2 Kf4 120. Rb2 Ke5
121. Rb5+ Kd4 122. Kg3 Rg1+ 123. Kf4 $11) 114... Ra5 115. Rf7+ Ke5 116. Re7+
Kf5 (116... Kf5 117. Ke1 (117. Kg1 Ra1+ 118. Kh2 Rf1 119. Kg3 Rg1+ 120. Kh3 Rg2
121. Rf7+ Ke5 122. Re7+ Kd5 123. Rd7+ Kc4 124. Rd2 e3 $19) 117... Ra1+ 118. Kd2
Rf1 119. Ke3 Re1+ 120. Kd4 Rd1+ 121. Kc3 Rf1 122. Kd4 Rxf2 123. Re5+ Kf4 124.
Rxe4+ Kg3 $19) 0-1

[Event "Pyramiden Franken Cup 4th"]
[Site "Fuerth"]
[Date "2001.08.24"]
[Round "7"]
[White "Naumann, Alexander"]
[Black "Lobron, Eric"]
[Result "1-0"]
[WhiteElo "2480"]
[BlackElo "2524"]
[Annotator "Naumann,A"]
[PlyCount "113"]
[EventDate "2001.08.18"]
[EventType "swiss"]
[EventRounds "9"]
[EventCountry "GER"]
[SourceTitle "EXT 2010"]
[Source "ChessBase"]
[SourceDate "2010.11.25"]
[SourceVersion "1"]
[SourceVersionDate "2010.11.25"]
[SourceQuality "1"]

1. e4 c5 2. Nf3 e6 3. c3 d5 4. exd5 Qxd5 5. d4 Nf6 6. Be3 cxd4 7. cxd4 Bb4+ {
Solche Stellungen hat ich schon oefter, aber die Erfahrungen warendurchwachsen.
} 8. Nc3 Qa5 9. Bd2 O-O 10. Bd3 b6 11. a3 Bxc3 12. bxc3 Bb7 13. O-O Nbd7 14. a4
Ne4 15. Qc2 {Auf sofortiges Lb5 folgt Sdf6, wonach Weiss aus der schlechten
Damenstellung kein Kapital schlagen kann.} Nxd2 16. Nxd2 Nf6 17. Bb5 Rac8 $5 {
Ld5 war besser geeignet um die weissen Springermanover zu verhindern. Schwarz
haette die angenehmere Stellung gehabt, weil Weiss keinen richtigen Plan
entwickeln kann. Daher glaube ich, dass die ganze Variante fuer Weiss nichts
taugt.} 18. Nc4 Rxc4 19. Bxc4 Rc8 20. Qe2 (20. Be2 Rxc3 21. Qd2 Rg3 $3 $19)
20... Qxc3 21. Ba6 Bxa6 22. Qxa6 Rc7 23. a5 Nd5 24. Qb5 g6 $6 {h6 waere besser
gewesen.} 25. axb6 Nxb6 26. Qe5 Nd7 27. Qf4 Rc4 28. Rac1 Rxd4 29. Qxf7+ Kxf7
30. Rxc3 {Das Endspiel ist zumindest klar vorteilhaft fuer Weiss.} a5 31. Ra1
a4 32. Kf1 Kf6 33. Rc6 Rb4 34. Re1 Ne5 35. Ra6 Nd3 36. Rexe6+ Kg5 37. Reb6 Rf4
38. Ra5+ Kh6 39. Ke2 Nxf2 40. g3 Rf7 41. Rxa4 Kg7 42. Rba6 h5 43. Ra7 Ng4 44.
Rxf7+ Kxf7 {Das Endspiel ist gewonnen, weil die schwarzen Bauern schon zu weit
vorne postiert sind. Wichtig ist, dass Weiss den Bauern nach g5 bekommt und
nicht sofort h4 zieht.} 45. h3 Nf6 46. Ra5 Ng8 47. Kf3 Nh6 48. Kf4 Kf6 49. Ra6+
Kg7 50. g4 hxg4 51. hxg4 Nf7 52. g5 Kh7 53. Rc6 Kg7 54. Rf6 Nh6 55. Ke4 Nf7 56.
Rxf7+ Kxf7 57. Kd5 {Die Stellung ist nicht neu: Die Bundesligapartie Jussupow
- Boensch (Gelsenkirchen 2001) endet genauso.} 1-0

[Event "St Ingbert op"]
[Site "St Ingbert"]
[Date "1994.??.??"]
[Round "6"]
[White "Schmittdiel, Eckhard"]
[Black "Nikitin, Aleksander S"]
[Result "1/2-1/2"]
[WhiteElo "2495"]
[BlackElo "2445"]
[Annotator "Nikitin,A"]
[PlyCount "161"]
[EventDate "1994.08.??"]
[EventType "swiss"]
[EventRounds "9"]
[EventCountry "GER"]
[SourceTitle "CBM 044"]
[Source "ChessBase"]
[SourceDate "1995.02.01"]
[SourceVersion "1"]
[SourceVersionDate "1995.02.01"]
[SourceQuality "1"]

1. e4 c5 2. c3 d5 3. exd5 Qxd5 4. d4 Nf6 5. Nf3 e6 6. Nbd2 $6 Be7 $6 (6... cxd4
7. Bc4 Qh5 8. cxd4 Nc6 9. O-O Bd6 10. h3 O-O 11. Be2 Qd5 $10) (6... Nc6 7. Bc4
Qd8 8. Nb3 cxd4 9. Nbxd4 Nxd4 10. Nxd4 Qc7 11. Qe2 a6 12. a4 Be7 13. O-O O-O
14. Bg5 Nd5 15. Bxe7 Nxe7 16. f4 Bd7 17. Bd3 $10 {Schmitdiel,E-Boensch,U/
Altenberg/1991/}) 7. Bc4 Qd6 8. dxc5 (8. Nb3 cxd4 9. Nbxd4 a6 10. Qe2 b5 11.
Bb3 Nbd7 12. O-O Nc5 13. Bg5 O-O 14. Rad1 Qc7 15. Rfe1 Nxb3 16. axb3 Re8 17.
Ne5 $13 {Schmitdiel,E-Csom,I/Bad Woerishofen/1991/}) 8... Qxc5 9. Qe2 O-O 10.
O-O Nbd7 (10... Qc7 11. Nb3 a6 12. a4 b6 13. Bg5 Nbd7 $10) 11. Nb3 Qc7 (11...
Qh5 $1 12. Bf4 Nb6 13. Bd3 $10) 12. Nbd4 a6 (12... Nb6 13. Bb3 Bd7 14. Ne5 Nbd5
$13) 13. Re1 (13. Nxe6 $2 fxe6 14. Qxe6+ Kh8 15. Qxe7 Qxc4 $17) (13. Bxe6 $1
fxe6 14. Nxe6 Qc6 $13) 13... Bd6 $1 14. Bg5 b5 15. Bd3 Bb7 16. Rad1 Bd5 17. Bb1
Rfe8 $15 18. Bxf6 $1 Nxf6 19. Ne5 b4 20. Rc1 Rec8 (20... bxc3 $1 21. Rxc3 Qb7
$1 $15 22. Rg3 Rec8 $15) 21. Ndf3 bxc3 22. Rxc3 Qb7 23. Rxc8+ Rxc8 24. Bd3 Rb8
25. b3 a5 26. Ng5 Rf8 27. Ng4 Nxg4 $1 28. Qxg4 (28. Bxh7+ Kh8 29. Qxg4 Qb4 $1
$17) 28... Qb4 $1 29. Qxb4 Bxb4 30. Rd1 (30. Rc1 $4 Bd2 $19) 30... h6 31. Ne4
Rc8 32. Ng3 Kf8 33. Nf1 Rc3 34. Ne3 Bc6 35. Kf1 a4 36. bxa4 Bxa4 37. Rb1 Bc5
38. Ke2 Ra3 39. Bc4 Bc6 40. Rb8+ Ke7 41. g3 Be4 42. Bb3 Bxe3 $1 43. Kxe3 (43.
fxe3 Bb1 44. Bxe6 Bd3+ $19) 43... Bb1 44. Rb7+ Kf6 45. Ke2 Bxa2 46. Bxa2 Rxa2+
47. Kf3 g5 48. h3 h5 49. Rc7 Ra3+ 50. Kg2 Ra4 51. Rb7 Kg6 52. Re7 Re4 53. Re8
f5 54. Rg8+ Kf6 55. Rf8+ Kg7 56. Re8 Kf7 57. Rh8 h4 58. gxh4 Rxh4 59. Ra8 Rb4
60. Rc8 Kf6 61. Rg8 Rb3 62. Kh2 Rf3 63. Kg2 Rf4 64. Kg3 e5 65. Ra8 e4 66. Ra6+
Kg7 67. Ra7+ Kg6 68. Ra6+ Kh5 69. Ra3 Rh4 70. Ra5 f4+ 71. Kg2 f3+ 72. Kg3 Rf4
73. Re5 $10 Kg6 74. Re6+ Kf5 75. Re8 Kf6 76. Rf8+ Ke5 77. Re8+ (77. Rxf4 $4
gxf4+ 78. Kg4 Kd4 79. Kxf4 Kd3 80. h4 e3 81. Kxf3 e2 $19) 77... Kd4 78. Rd8+
Kc3 79. Re8 Kd3 80. Rd8+ Ke2 81. Re8 1/2-1/2